ben 10 classic alien quiz - Statistics

General Stats
  • This quiz has been taken 170 times
  • The average score is 15 of 22
Answer Stats
Hint Answer % Correct
fire heatblast
96%
srong four arms
93%
fast xlr8
93%
sharp diamond head
91%
small grey matter
91%
tech upgrade
88%
scary ghost freak
87%
giant way big
86%
no eyes wild mutt
86%
smells stink fly
84%
water ripjaws
75%
vomit upchuck
69%
grass wildvine
67%
duplication ditto
65%
11 cannon bolt
63%
eyes eye guy
59%
mummy snare oh
46%
dead frankenstrike
38%
loud blitzwolfer
37%
ice arctiguana
34%
poison spitter
24%
anoying buzzshock
22%
No matching quizzes found
Score Distribution
Percent of People with Each Score
Percentile by Number Answered
Your Score History
You have not taken this quiz